The many faces of Quebec. (Record no. 23700)
[ view plain ]
| 000 -LEADER | |
|---|---|
| fixed length control field | 00887cam a22002771 4500 |
| 001 - CONTROL NUMBER | |
| control field | 23700 |
| 003 - CONTROL NUMBER IDENTIFIER | |
| rucl marc code | BD-RjUL |
| 005 - DATE AND TIME OF LATEST TRANSACTION | |
| control field | 20211209000948.0 |
| 008 - FIXED-LENGTH DATA ELEMENTS--GENERAL INFORMATION | |
| fixed length control field | 140311r19661965onca 000 0 eng |
| 035 ## - SYSTEM CONTROL NUMBER | |
| System control number | (BD-RjUL)23765 |
| System control number | (BD-RjUL)23765 |
| 040 ## - CATALOGING SOURCE | |
| Original cataloging agency | DLC |
| Transcribing agency | FO |
| Modifying agency | BD-RjUL |
| -- | BD-RjUL |
| Language of cataloging | eng |
| 041 ## - LANGUAGE CODE | |
| Language code of text/sound track or separate title | eng |
| 082 ## - DEWEY DECIMAL CLASSIFICATION NUMBER | |
| Classification number | 917.14 |
| Author mark and year | CHM 1966 |
| 100 1# - MAIN ENTRY--PERSONAL NAME | |
| Personal name | Harvey, Jean-Charles, |
| Dates associated with a name | 1891-1967. |
| 9 (RLIN) | 72975 |
| 245 14 - TITLE STATEMENT | |
| Title | The many faces of Quebec. |
| Statement of responsibility, etc. | Trans. by Alta Lind Cook. Photos. by Marcel Cognac. |
| 260 ## - PUBLICATION, DISTRIBUTION, ETC. (IMPRINT) | |
| Place of publication, distribution, etc. | [Toronto, |
| Name of publisher, distributor, etc. | Macmillan of Canada, |
| Date of publication, distribution, etc. | c1966 |
| 300 ## - PHYSICAL DESCRIPTION | |
| Pagination | 202 p. : |
| Illustrations | illus. ; |
| Size | 26 cm. |
| 500 ## - GENERAL NOTE | |
| General note | Trans. of Visages du Quebec. |
| General note | First published in French Montreal, Cercle du livre de France, 1965, c1964. |
| 651 #0 - SUBJECT ADDED ENTRY--GEOGRAPHIC NAME | |
| Geographic name | Québec (Province) |
| 9 (RLIN) | 72976 |
| 700 1# - ADDED ENTRY--PERSONAL NAME | |
| Personal name | Cognac, Marcel. |
| 942 ## - ADDED ENTRY ELEMENTS (KOHA) | |
| Source of classification or shelving scheme | Dewey Decimal Classification |
| Koha item type | Books |
| Lost status | Source of classification or shelving scheme | Damaged status | Not for loan | Collection code | Permanent Location | Current Location | Shelving location | Date acquired | Source of acquisition | Total Checkouts | Full call number | Date last seen | Copy number | Koha item type |
|---|---|---|---|---|---|---|---|---|---|---|---|---|---|---|
| Dewey Decimal Classification | Added to bundle | Non-fiction | Central Library, University of Rajshahi | Central Library, University of Rajshahi | Reading Room | 16/08/1968 | CANADIAN | 917.14 CHM 1966 | 11/03/2014 | C-1 | Books |